Statistics for ABA Liga 2017-18

Click here to take the quiz!

General Stats

  • This quiz has been taken 119 times
  • The average score is 11 of 12

Answer Stats

#Answer% Correct
SrbijaPartizan
100%
Crna GoraBuducnost
98%
SrbijaCrvena Zvezda
98%
HrvatskaCibona
95%
SlovenijaOlimpija
94%
HrvatskaZadar
94%
HrvatskaCedevita
93%
Crna GoraMornar Bar
90%
SrbijaMega Bemax
85%
Bosna i HercegovinaIgokea
84%
SrbijaFMP Beograd
83%
MakedonijaMZT Skopje
77%

Score Distribution

Percentile by Number Answered

Percent of People with Each Score

Your Score History

You have not taken this quiz